CURRENT WWE FINISHERS!! - Statistics

General Stats
  • This quiz has been taken 146 times
  • The average score is 12 of 30
Answer Stats
Hint Answer % Correct
Spear Roman Reigns
96%
Styles Clash AJ Styles
68%
AA John Cena
68%
RKO Randy Orton
68%
Cross Rhodes Cody Rhodes
67%
Stunner Kevin Owens
67%
Zig-Zag Dolph Ziggler
61%
Uso Splash/Superkick Usos
60%
Solo Splash Solo
58%
Man Handle Slam Becky Lynch
56%
Kiss Of Death Bianca Belair
56%
Big Ending Big E
56%
SOS Kofi Kingston
53%
Hurt Lock Bobby Lashley
52%
Armbar Ronda Rousey
52%
Belly to Belly Suplex Bayley
47%
German Suplex Brock Lesnar
47%
Powerbomb Gunther
45%
1916 Finn Balor
35%
ATL Theory
32%
Bed Of Roses Mandy Rose
19%
Fairytale Ending Ciampa
18%
Wing Cutter Angel
15%
Frog Splash Montez Ford
14%
Military Press Powerslam Bron Breaker
5%
Punt Kick Pat McAfee
2%
Fedora Frog Splash Carmelo Hayes
1%
Jumping Knee/Elbow Drop Ezekiel
1%
Eat Da-FEET King Woods
0%
Diving Crossbody Niki ASH
0%
No matching quizzes found
Score Distribution
Percent of People with Each Score
Percentile by Number Answered
Your Score History
You have not taken this quiz